000 00377nam a2200169Ia 4500
001 16797
003 IN-NITTTR
005 20251114233159.0
008 251113s9999||||xx |||||||||||||| ||eng||
040 _beng
040 _cIN-NITTTR
041 _aeng
082 _a891.432 R151H H
100 _aRanbir Singh,
245 0 _aHaai mera dil. /
_cRanbir Singh
942 _2ddc
_cBK
999 _c19431
_d19431